Clarification marketing trends communication - video blogs and indirect advertising

Vymedzenie pojmu marketingový blog. Nové trendy v marketingovej komunikácii.

Salvato in:
Dettagli Bibliografici
Autore principale: Mucha, Martin
Altri autori: Pružinský, Michal, 1952-
Natura: Capitolo di libro
Lingua:inglese
Soggetti:
Tags: Aggiungi Tag
Nessun Tag, puoi essere il primo ad aggiungerne!!

MARC

LEADER 00000nla a2200000 4500
001 0226780
005 20240502073734.1
041 0 |a eng 
044 |a SK 
245 1 0 |a Clarification marketing trends communication - video blogs and indirect advertising  |c Martin Mucha, Michal Pružinský 
520 |a Vymedzenie pojmu marketingový blog. Nové trendy v marketingovej komunikácii. 
610 2 0 |a komunikácia marketingová 
610 2 0 |a reklama 
610 2 0 |a siete sociálne 
100 1 |a Mucha, Martin 
700 1 |a Pružinský, Michal, 1952-